| 000 | 00695nam a22001937a 4500 | ||
|---|---|---|---|
| 005 | 20260128144732.0 | ||
| 008 | 260128b |||||||| |||| 00| 0 eng d | ||
| 020 | _a9780672303999 | ||
| 050 |
_aQA 64.64 .L35 1993 _bC.1 |
||
| 100 | _aLafore, Robert | ||
| 245 | _aThe Waite Group’s C Programming Using Turbo C++ | ||
| 250 | _aSecond Edition | ||
| 260 |
_aIndianapolis, IN _bSams Publishing _c1993 |
||
| 300 | _axxxi, 778p.:ill. | ||
| 500 | _aIncludes index | ||
| 650 | _a1. C (Computer program language) 2. C++ (Computer program language) 3. Computer programming. 4. Application software—Development. 5. Microcomputers—Programming. | ||
| 700 | _aThe Waite Group | ||
| 942 |
_2lcc _cBK |
||
| 999 |
_c216499 _d216499 |
||